| 000 | 00594nam a22001577a 4500 | ||
|---|---|---|---|
| 003 | NUST | ||
| 082 | _a621 | ||
| 100 |
_a Bodla, Abdullah Talal _9122182 |
||
| 245 |
_aPREPARATION OF PHYSIOLOGICALLY SIMULATED TESTING BENCHES AS PER ISO 25539 FOR THE TESTING OF VASCULAR IMPLANTS / _cAbdullah Talal Bodla |
||
| 264 |
_aIslamabad: _bSMME- NUST. _c2020. |
||
| 300 |
_a40p. ; _bSoft Copy , _c30cm. |
||
| 650 |
_aMS Mechanical Engineering _9119495 |
||
| 700 |
_aSupervisor: Dr Murtaza Najabat Ali _9119580 |
||
| 856 | _uhttp://10.250.8.41:8080/xmlui/handle/123456789/28807 | ||
| 942 |
_2ddc _cTHE |
||
| 999 |
_c608728 _d608728 |
||